| 000 | 00655nam a2200241Ia 4500 | ||
|---|---|---|---|
| 003 | OSt | ||
| 005 | 20220918173948.0 | ||
| 006 | a|||||r|||| 00| 0 | ||
| 007 | ta | ||
| 008 | 220917b |||||||| |||| 00| 0 eng d | ||
| 024 | _a9,513 | ||
| 037 | _cTextual | ||
| 040 |
_aARTS _cARTS _beng |
||
| 041 |
_2eng _aeng |
||
| 082 | _a2:6p2,M89, M9 (2D) | ||
| 100 |
_aNaidu N Guruswamy _948606 |
||
| 245 | 0 | _aLibrary services for the disadvantaged | |
| 260 |
_aNew Delhi _bEss Ess Pub _c1989 |
||
| 300 |
_a266p _ccm. |
||
| 650 | _aLIBRARY SCIENCE | ||
| 942 |
_h2:6p2,M89, M9 (2D) _cTEXL _2CC |
||
| 999 |
_c151153 _d151153 |
||